Sanat: Lasten liikennelaulu - Statistics

Yleistilastot
  • Tätä visaa on pelattu 73 kertaa
  • Keskiarvotulos 70 / 131
Vastaustilastot
Vastaus % Oikein
aina
92%
muista
92%
Muista
92%
eessä
90%
liikenteessä
90%
monta
86%
ompi
86%
on
86%
vaaraa
86%
mieli
80%
valpas,
78%
verraton
78%
se
76%
turva
74%
siksi
72%
68%
ja
58%
liikenteen
54%
mielin,
54%
vaaroja
54%
Valppain
54%
ne
50%
saa
50%
kai
48%
suojatie
44%
tarkalleen
44%
mieleesi
42%
paina
42%
säännöt
42%
kaikki
40%
ei
38%
et
38%
lasta
38%
sen
38%
vasta
38%
auttavat
36%
oikealle,
36%
sinä
36%
vasemmalle
36%
vaan
34%
sääntöjä
32%
kulkemaan
30%
näyttää,
30%
seuraa
30%
turvassa
30%
vie
30%
alle
28%
missä
28%
autojen
26%
jää
26%
muistat
26%
tiellä,
26%
uhmailemasta
26%
kadun
24%
käyttää
24%
ohjaa
24%
silloin
24%
Suojatietä
24%
vältä
24%
kertaa
22%
leikit
22%
lopun
22%
poikki
22%
sai
22%
siellä,
22%
valkoviiva
22%
äidille
20%
hirveän
20%
katsahda
20%
luottaa
20%
näin
20%
pidä
20%
tiesi
20%
toivoo
20%
tuottaa,
20%
äitikin
18%
koulustaan
18%
lapsia
18%
Leikitellä
18%
sittenkin
18%
tempuillaan
18%
tuhmilla
18%
huolta
16%
oottaa,
16%
turvallisin
4%
Ehtoja vastaavia visoja ei löytynyt
Tulosjakauma
Jokaisen tuloksen saaneiden osuus
Persentiili vastausten määrän mukaan
Tuloshistoriasi
Et ole pelannut tätä visaa